书目信息 |
| 题名: |
城市更新与可持续发展
|
|
| 作者: | 阳建强 著 | |
| 分册: | ||
| 出版信息: | 南京 东南大学出版社 2020.10 |
|
| 页数: | 275页 | |
| 开本: | 26cm | |
| 丛书名: | 城市更新研究系列丛书 | |
| 单 册: | ||
| 中图分类: | TU984.2 | |
| 科图分类: | ||
| 主题词: | 城市规划--cheng shi gui hua--研究--中国 | |
| 电子资源: | ||
| ISBN: | 978-7-5641-8769-9 | |
| 000 | 01372nam 2200277 450 | |
| 001 | CAL 0120203127172 | |
| 005 | 20210112110300.8 | |
| 010 | @a978-7-5641-8769-9@dCNY58.00 | |
| 100 | @a20210111d2020 em y0chiy0120 ea | |
| 101 | 0 | @achi |
| 102 | @aCN@b320000 | |
| 105 | @aak a 000yy | |
| 106 | @ar | |
| 200 | 1 | @a城市更新与可持续发展@Acheng shi geng xin yu ke chi xu fa zhan@d= Urban regeneration and sustainable development@f阳建强等著@zeng |
| 210 | @a南京@c东南大学出版社@d2020.10 | |
| 215 | @a275页@c图@d26cm | |
| 225 | 2 | @a城市更新研究系列丛书@Acheng shi geng xin yan jiu xi lie cong shu |
| 320 | @a有书目 | |
| 330 | @a本书是2019年中国城市规划学会 —— 城市更新学术委员会年会所征集论文中经过评审后选出的优秀论文, 同时还包括了2017与2018年会的部分优秀论文。论文集的内容涉及城市更新的制度建设、城市更新与城市设计、社区更新与改造、城市更新中的社会问题、工业遗产与更新、城市更新中的新技术运用、特大城市与地区的更新实践等方面。以上内容反映了我国在城市更新的理论和实践领域的最新进展, 是我国第一部汇集众多学界、业界专业人士对城市更新最新见解的重要文献。 | |
| 410 | 0 | @12001 @a城市更新研究系列丛书 |
| 510 | 1 | @aUrban regeneration and sustainable development@zeng |
| 606 | 0 | @a城市规划@Acheng shi gui hua@x研究@y中国 |
| 690 | @aTU984.2@v5 | |
| 701 | 0 | @a阳建强@Ayang jian qiang@4著 |
| 801 | 0 | @aCN@b人天书店@c20210111 |
| 905 | @aTSG@b0000366@dTU984.2@eY133@f2 | |
| 城市更新与可持续发展= Urban regeneration and sustainable development/阳建强等著.-南京:东南大学出版社,2020.10 |
| 275页:图;26cm.-(城市更新研究系列丛书) |
| ISBN 978-7-5641-8769-9:CNY58.00 |
| 本书是2019年中国城市规划学会 —— 城市更新学术委员会年会所征集论文中经过评审后选出的优秀论文, 同时还包括了2017与2018年会的部分优秀论文。论文集的内容涉及城市更新的制度建设、城市更新与城市设计、社区更新与改造、城市更新中的社会问题、工业遗产与更新、城市更新中的新技术运用、特大城市与地区的更新实践等方面。以上内容反映了我国在城市更新的理论和实践领域的最新进展, 是我国第一部汇集众多学界、业界专业人士对城市更新最新见解的重要文献。 |
| ● |
| 相关链接 |
|
|
|
正题名:城市更新与可持续发展
索取号:TU984.2/Y133
 
预约/预借
| 序号 | 登录号 | 条形码 | 馆藏地/架位号 | 状态 | 备注 |
| 1 | 1529938 | 215299380 | 建筑库201/201建筑库 65排2列4层/ [索取号:TU984.2/Y133] | 在馆 | |
| 2 | 1529939 | 215299399 | 建筑库201/201建筑库 66排6列5层/ [索取号:TU984.2/Y133] | 在馆 |